00831nam a22002297a 450000500170000001000140001702000230003102000260005403500130008003700130009308200130010610000300011924500750014926000420022427000550026630000260032150000360034765000360038394200270041999900170044695201380046320100730143622.0 aENG-97321 a8172112645c400.00 a9788172112646c400.00 aEN-80854 bDBAD/PUB a915.4166 aPachuau, Rintluanga92762 aMizoram :ba study in comprehensive geography /cby Rintluanga Pachuau aNew DelhibNorthern Book Centrec2009 a4221/1, Ansari Road, Daryaganj bNew Delhie110002 axx, 140p.c22cm, (Hb) aincludes bibliography and index aGeographyzMizoram, India92763 2ddccENh915.4166mPAC c38268d38268 001040718NFICaDBADbDBADd2010-07-30eDBAD/PUBg400.00l0o915.4166 PACpEN-80854r2010-07-30 00:00:00t1v400.00w2010-07-30yEN